Far Cry Countries - Statistics

General Stats
  • This quiz has been taken 183 times
  • The average score is 4 of 6
Answer Stats
Hint Answer % Correct
Far Cry 5 USA Montana, North America
99%
Far Cry 6 Cuba, Caribbean
86%
Far Cry 4 Nepal, Indian Subcontinent
81%
Far Cry 3 Indonesia, Southeast Asia
42%
Far Cry 2 D. R. C, Central Africa
32%
Far Cry Micronesia, South Pacific
30%
No matching quizzes found
Score Distribution
Percent of People with Each Score
Percentile by Number Answered
Your Score History
You have not taken this quiz